| 000 | 00423nab a22001097u 4500 | ||
|---|---|---|---|
| 008 | 130520b2010 xxu||||| |||| 00| 0 fre d | ||
| 041 | _afre | ||
| 100 | 1 |
_aSantedi Kinkupu, Léonard _954135 |
|
| 245 | 0 | 0 |
_aAfrique, lève-toi et marche! Le deuxième synode des Évêques pour l'Afrique: une nouvelle Pentecôte _cLéonard Santedi Kinkupu |
| 773 | 0 |
_tLumen Vitae _gV.65, nº1,2010,págs. 95-103 _x0024-7324 _wRev262 |
|
| 942 | _cAR | ||
| 999 |
_c323076 _d323076 |
||